Cuentos fantásticos : pesadillas /

La comisión de pesadillas -- Tal vez por eso -- Sillón en movimiento -- Sansón y Dalila -- Liebre y tortuga -- La ciudad soñada -- Sueños sin sueños -- Un guante -- Almohada -- Espejismos y dudas -- Una trufa de las grandes -- Como un jabalí -- Soledad -- Casa prestada -- Formas de las pesadillas --...

Descripción completa

Guardado en:
Autor Principal: Shua, Ana María.
Formato: Libro
Idioma:Undetermined
Publicado: Buenos Aires : Emecé, 2014.
Series:Cuentos Fantásticos
Materias:
Etiquetas: Agregar Etiqueta
Sin Etiquetas, Sea el primero en etiquetar este registro!
LEADER 01886nam a22002055a 4500
001 CEM.cems019676
008 221006s2014####ag############000#0#und#d
005 20221108085741.0
245 1 0 |a Cuentos fantásticos :  |b pesadillas /  |c Ana María Shua. 
260 |a Buenos Aires :  |b Emecé,  |c 2014. 
300 |a 112 p. ;  |c 19 cm. 
490 1 |a Cuentos Fantásticos 
520 |a La comisión de pesadillas -- Tal vez por eso -- Sillón en movimiento -- Sansón y Dalila -- Liebre y tortuga -- La ciudad soñada -- Sueños sin sueños -- Un guante -- Almohada -- Espejismos y dudas -- Una trufa de las grandes -- Como un jabalí -- Soledad -- Casa prestada -- Formas de las pesadillas -- Me caigo -- Dormirse fumando -- La enana en el tren -- Morir en sueños -- En las películas -- Raíces -- Pezpie -- Una chica sensible -- La bella durmiente -- planta carnívora -- Examen de latín -- Me crece la nariz -- Lagarto morado -- Consejos para plantas desconcertadas -- Obsesiones -- Persecuciones y ataques -- Sueños de niños -- A veces es París -- Lo temible -- No está cómodo -- El genio -- Cruzo un río -- Urbanidad en la mesa -- Un inglés que conozco -- Mi papá -- Los gritos -- El crimen -- Los rosarinos -- Un hijo seco -- Placer y horror -- Frutillas maduras -- Modestamente -- Paraíso -- Explicar el final -- El sueño del califa -- Así no -- Los zapatitos me aprietan -- Maremoto -- Tranquilizante -- El cazador y la presa -- Pesadillas de látex -- Embarazo -- Por falta de pruebas -- Si sueñas con un oso -- ¿ A cuánto los tomates ? -- Sangre de la canilla -- ¡Qué sueño! -- Ante los dioses del sueño -- Hacia abajo -- 
020 |a 9789500436724 
100 1 |a Shua, Ana María. 
082 0 4 |a A868.4 
653 |a Literatura Infantil 
653 |a Literatura Juvenil 
653 |a Cuentos Fantásticos 
859 |a CEMS  |b BIB. CEMS - Inicial y Primaria  |h A868.4  |i Sh91-3  |k IP  |p 5670  |t Ej.1